000 00596nam a22002057a 4500
003 OSt
005 20170214131148.0
008 151126b xxu||||| |||| 00| 0 eng d
020 _a9988787413
040 _cDDC
082 _a346.0134WOM 2003.
100 _aEdited by Kuenyehia, Akua;
_96338
245 _aWomen & Law in West Africa;
_bgender relations in the family -a west African Perspective.
260 _aGhana;
_bWaLWA,
_c2003.
300 _axv,215p;
_bill:
_c26cm
504 _aincludes index.
650 _aWomen and law.
_96339
650 _aGender relations
_97999
942 _2ddc
_cSLOAN
999 _c2709
_d2709